| 000 | 01304nam a22002297a 4500 | ||
|---|---|---|---|
| 005 | 20210325191737.0 | ||
| 008 | s2542 th tha d | ||
| 041 | _atha | ||
| 090 | _aว DS589.L61 ภ654พ 2542 | ||
| 100 | 0 | _aภูธร ภูมะธน | |
| 245 | 1 | 0 | _aพัฒนาการของเมืองและชุมชนโบราณยุคกึ่งประวัติศาสตร์ลุ่มแม่น้ำบางขาม อำเภอบ้านหมี่ จังหวัดลพบุรี : ปัจจัยและความคลี่คลาย |
| 260 | 3 |
_aกรุงเทพฯ : _bสถาบันไทยคดีศึกษา มหาวิทยาลัยธรรมศาสตร์, _c2542 |
|
| 300 |
_a135 หน้า : _b ตาราง, ภาพประกอบ, แผนที่ ; _c 30 ซม. |
||
| 650 | 0 | 4 | _aประวัติศาสตร์ท้องถิ่น -- ลพบุรี |
| 650 | 0 | 4 | _aลพบุรี -- ประวัติศาสตร์ |
| 650 | 0 | 4 | _aแม่น้ำบางขาม |
| 650 | 0 | 4 | _aโบราณสถาน -- ลพบุรี |
| 850 | _aNALT | ||
| 942 | _cRSH | ||
| 997 |
_c000000000029417 _kVC |
||
| 998 | _aPRATHANA | ||
| 999 |
_c29417 _d29417 |
||